Prídavný modul pre emailový klient Thunderbird na značkovanie emailov

Guardado en:
Detalles Bibliográficos
Autor principal: Bádal, Matej, 1989- (Autor)
Otros Autores: Laclavík, Michal, 1976- (Orientador)
Formato: Manuscrito Libro
Lenguaje:eslovaco
Publicado: Bratislava : STU v Bratislave FIIT, 2013
Materias:
Acceso en línea:VAIS
Etiquetas: Agregar Etiqueta
Sin Etiquetas, Sea el primero en etiquetar este registro!

MARC

LEADER 00000ntm a22000003a 4500
001 stu275712
005 20150617230238.5
008 131005s2013----xo------------------slo-d
040 |a STU  |b slo 
041 0 |a slo 
044 |a xo 
100 1 |a Bádal, Matej,  |d 1989-  |4 aut  |u I  |T FIIT Fakulta informatiky a informačných technológií  |X 64298  |U I  |Y 70  |7 A000064298 
242 0 0 |a Email Tagging with Thunderbird Email Client Plug-in  |y eng 
245 1 |a Prídavný modul pre emailový klient Thunderbird na značkovanie emailov 
260 |a Bratislava :  |b STU v Bratislave FIIT,  |c 2013 
300 |a 77 s  |c príl. 
650 7 |a informatika  |2 stusub 
650 7 |a Informatics  |2 estusub 
650 7 |a Email  |2 stusub 
700 1 |a Laclavík, Michal,  |d 1976-  |4 ths  |u I200  |U FIIT Fakulta informatiky a informačných technológií  |T FIIT Ústav informatiky a softvérového inžinierstva  |X 47575  |U I200  |Y 179  |7 A000047575 
856 4 |a info a plný text  |u http://is.stuba.sk/zp/portal_zp.pl?podrobnosti=65131  |3 VAIS 
996 |b IBAP41/13  |c I*BAP41/13  |l II680  |s A  |a 24  |w stu275712_0001